|
|
|
|
| LEADER |
00000nab a2200000 a 4500 |
| 001 |
vtls008413816 |
| 003 |
SK-MaSNL |
| 005 |
20260303070229.0 |
| 008 |
051207c20051201xo ur| 0 0slo |
| 038 |
|
|
|a RVGKPD
|
| 040 |
|
|
|a RVGKPD
|b slo
|c RVGKPD
|e AACR2
|
| 041 |
0 |
|
|a slo
|
| 044 |
|
|
|a xo
|c SK
|
| 080 |
|
|
|a 371.1
|2 UDC-MRF-SK2
|
| 245 |
0 |
0 |
|a Župan Chudík pred voľbami rozdáva odmeny
|c [autor] (ič)
|
| 650 |
0 |
7 |
|a učitelia
|2 rvgkpd
|9 3995
|
| 650 |
0 |
7 |
|a odmeny
|2 rvgkpd
|9 493371
|
| 651 |
|
7 |
|a Prešovský samosprávny kraj (Slovensko)
|2 rvgkpd
|9 23301
|
| 773 |
0 |
|
|t Pravda
|g Roč. XV, č. 277 (1.12.2005), s. 4
|x 1335-4051
|
| 852 |
|
|
|a RVGKPD
|b KIS3G
|
| 992 |
|
|
|a RBX
|
| 999 |
|
|
|c 1754488
|d 1756418
|